Doing focus groups: The sage qualitative research kit (Record no. 394114)

MARC details
000 -LEADER
fixed length control field 00567 a2200205 4500
005 - DATE & TIME
control field 20260105103846.0
008 - FIXED-LENGTH DATA ELEMENTS--GENERAL INFORMATION
fixed length control field 260105b |||||||| |||| 00| 0 eng d
020 ## - ISBN
International Standard Book Number 9789354799204
Price Rs. 995.00
040 ## - CATALOGING SOURCE
Original cataloging agency VIVEKANANDA LIBRARY
082 ## - DDC NUMBER
Classification number 300.723
Book Number B232D(2)
100 ## - MAIN ENTRY--PERSONAL NAME
Personal name Barbour, Rosaline
245 ## - TITLE STATEMENT
Title Doing focus groups: The sage qualitative research kit
250 ## - EDITION STATEMENT
Edition statement 2nd
260 ## - PUBLICATION, DISTRIBUTION, ETC. (IMPRINT)
Name of publisher, distributor, etc Sage Publications
Date of publication, distribution, etc 2025
Place of publication, distribution, etc New Delhi
300 ## - PHYSICAL DESCRIPTION
Pages xviii, 199
650 ## - Subject
Subject Research Methods
650 ## - Subject
Subject Qualitative Research Methods
700 ## - Added Entry Personal Name
Added Entry Personal Name Flick, Uwe, ed.
942 ## - ADDED ENTRY ELEMENTS (KOHA)
Koha item type Books
Holdings
Withdrawn status Lost status Source of classification or shelving scheme Damaged status Not for loan Location (home branch) Sublocation or collection (holding branch) Shelving location Date acquired Koha issues (times borrowed) Koha full call number Accession No. Koha date last seen Koha item type
    Dewey Decimal Classification     VIVEKANANDA LIBRARY VIVEKANANDA LIBRARY Vivekananda Library 12/12/2025   300.723 B232D(2) 443609 12/12/2025 Books
    Dewey Decimal Classification     VIVEKANANDA LIBRARY VIVEKANANDA LIBRARY Vivekananda Library 12/12/2025   300.723 B232D(2) 443610 12/12/2025 Books
© Designed and Maintained by Vivekananda Library, MDU Rohtak